Rezidenčná suburbanizácia miest nitrianskeho samosprávneho kraja (empirický príklad mesta Nitra)

Salvato in:
Dettagli Bibliografici
Autore principale: Repaská, Gabriela
Natura: Libro
Lingua:slovacco
inglese
Pubblicazione: Nitra Fakulta prírodných vied Univerzity Konštantína Filozofa v Nitre 2012
Serie:Prírodovedec č. 494
Soggetti:
Tags: Aggiungi Tag
Nessun Tag, puoi essere il primo ad aggiungerne!!

MARC

LEADER 00000nam a2200000 4500
001 0177725
005 20240314085923.2
020 |a 978-80-558-0057-8 
041 0 |a slo 
041 0 |a eng 
044 |a SK 
245 1 0 |a Rezidenčná suburbanizácia miest nitrianskeho samosprávneho kraja (empirický príklad mesta Nitra)  |c Gabriela Repaská 
264 1 |a Nitra  |b Fakulta prírodných vied Univerzity Konštantína Filozofa v Nitre  |c 2012 
300 |a 127 s. 
490 1 |a Prírodovedec  |v č. 494 
830 0 |a Prírodovedec  |v č. 494 
610 2 0 |a urbanizácia 
610 2 0 |a mestá 
610 2 0 |a kraje 
610 2 0 |a samospráva 
610 2 0 |a Slovensko 
100 1 |a Repaská, Gabriela